[Event "GER-chT North U14"]
[Site "Magdeburg"]
[Date "2014.09.13"]
[Round "6.4"]
[White "Wolff, Julius"]
[Black "Knape, Albert"]
[Result "0-1"]
[WhiteElo "998"]
[BlackElo "926"]
[PlyCount "46"]
[EventDate "2014.09.11"]
[EventType "team-swiss"]
[EventRounds "7"]
[EventCountry "GER"]
[SourceTitle "EXT 2016"]
[Source "ChessBase"]
[SourceDate "2015.10.08"]
[SourceVersion "1"]
[SourceVersionDate "2015.10.08"]
[SourceQuality "1"]
[WhiteTeam "Weisse Dame"]
[BlackTeam "Potsdam Empor"]
[WhiteTeamCountry "GER"]
[BlackTeamCountry "GER"]

1. e4 e5 2. Nf3 Nc6 3. d4 exd4 4. Nxd4 Qh4 5. Nc3 Bb4 6. Bd2 Nxd4 7. a3 Bxc3 8. Bxc3 Qxe4+ 9. Be2 Nxe2 10. Qxe2 Qxe2+ 11. Kxe2 f6 12. Rhe1 Nh6 13. Kf1+ Kf7 14. Re2 Re8 15. Rae1 Rxe2 16. Rxe2 d6 17. f3 Bd7 18. Kf2 Re8 19. Rd2 Re6 20. Bd4 Re8 21. b3 a6 22. c4 Nf5 23. Bc3 Re3 0-1